00672nam a22001937a 4500003000900000008004100009040007100050082001800121100003000139245005300169260003000222300002600252440003600278505008000314650002300394650002300417650002500440650001300465AR-CdUCM190306b ||||| |||| 00| 0 spa d aMUNICIPALIDAD PROVINCIAL DEL CUSCOcBIBLIOTECA MUNICIPAL DEL CUSCO a869.56 /bR21 aRamos Mendoza, Crescencio aRelatos quechuas :bKichwapi unay willakuykuna / aLima :bHorizonte,c1992. a227 paginas ;c21 cm. aEtnología y Antropologían5 aRelatos quechuas -- Apreciación suscinta de la narrativa oral quechua ... aLiteratura peruana aLiteratura quechua aNarraciones quechuas aSiglo XX